<?xml version="1.0" encoding="UTF-8"?>
<marc:record xmlns:marc="http://www.loc.gov/MARC21/slim">
   <marc:leader>00000nam a2200000 a 4500</marc:leader>
   <marc:datafield ind1="1" ind2=" " tag="100">
      <marc:subfield code="a">Stadler, Harald</marc:subfield>
      <marc:subfield code="4">aut</marc:subfield>
      <marc:subfield code="e">Verfasser/-in</marc:subfield>
   </marc:datafield>
   <marc:datafield ind1="1" ind2=" " tag="100">
      <marc:subfield code="a">Berger, Karl C.</marc:subfield>
      <marc:subfield code="4">aut</marc:subfield>
      <marc:subfield code="e">Verfasser/-in</marc:subfield>
   </marc:datafield>
   <marc:datafield ind1="1" ind2=" " tag="100">
      <marc:subfield code="a">Bischof, Günter</marc:subfield>
      <marc:subfield code="4">aut</marc:subfield>
      <marc:subfield code="e">Verfasser/-in</marc:subfield>
   </marc:datafield>
   <marc:datafield ind1=" " ind2=" " tag="653">
      <marc:subfield code="a">Wilfried Kirschl</marc:subfield>
   </marc:datafield>
   <marc:datafield ind1=" " ind2=" " tag="653">
      <marc:subfield code="a">Johannes E. Trojer</marc:subfield>
   </marc:datafield>
   <marc:datafield ind1=" " ind2=" " tag="653">
      <marc:subfield code="a">Film</marc:subfield>
   </marc:datafield>
   <marc:datafield ind1=" " ind2=" " tag="653">
      <marc:subfield code="a">Literatur</marc:subfield>
   </marc:datafield>
   <marc:datafield ind1=" " ind2=" " tag="653">
      <marc:subfield code="a">Deferegger Händler</marc:subfield>
   </marc:datafield>
   <marc:datafield ind1=" " ind2=" " tag="653">
      <marc:subfield code="a">Ethnologie</marc:subfield>
   </marc:datafield>
   <marc:datafield ind1=" " ind2=" " tag="653">
      <marc:subfield code="a">Archäologie</marc:subfield>
   </marc:datafield>
   <marc:datafield ind1=" " ind2=" " tag="653">
      <marc:subfield code="a">Geschichte Osttirols</marc:subfield>
   </marc:datafield>
   <marc:datafield ind1="0" ind2="0" tag="245">
      <marc:subfield code="a">Spurensuche³ : Teil III. Randlage im Wandel</marc:subfield>
   </marc:datafield>
   <marc:datafield ind1="0" ind2="0" tag="245">
      <marc:subfield code="b">Osttirol - 1850 bis zur Gegenwart</marc:subfield>
   </marc:datafield>
   <marc:datafield ind1="0" ind2="0" tag="245">
      <marc:subfield code="c">Stadler, Harald</marc:subfield>
   </marc:datafield>
   <marc:datafield ind1=" " ind2="1" tag="264">
      <marc:subfield code="a">Innsbruck ; Wien ; Bozen</marc:subfield>
      <marc:subfield code="b">Studien-Verlag</marc:subfield>
   </marc:datafield>
   <marc:datafield ind1="1" ind2=" " tag="490">
      <marc:subfield code="a">Spurensuche3</marc:subfield>
      <marc:subfield code="v">Teil 3</marc:subfield>
   </marc:datafield>
   <marc:datafield ind1="1" ind2=" " tag="520">
      <marc:subfield code="a">Angaben aus der Verlagsmeldung &#xD;
&#xD;
 &#xD;
&#xD;
  Spurensuche 3 : Randlage im Wandel. Osttirol - 1850 bis zur Gegenwart  &#xD;
&#xD;
 &#xD;
Martin Kofler: 77 Daten zur Geschichte Osttirols; Günter Bischof: Am Rand der Weltgeschichte? Osttirol und die Welt; Harald Stadler: Zeithistorische Archäologie. Osttirol und seine Nachbarn seit 1918; Karl C. Berger: „Deferegger Grafen“. Über die Fabriks- und Geschäftsgründungen Defregger Händler im 19. Jahrhundert; &#xD;
Sandra Unterweger: Osttirol – Blicke. Literarische Wege hinein und hinaus; Roman Urbaner: Filmland Osttirol: Von der Kulisse zum Schauplatz; Ingrid Fürhapter: Schlagbaum auf: Horizonterweiterung im Randbezirk. Der Osttiroler Schriftsteller und Publizist Johannes E. Trojer (1935-1991); Martin Kofler: „Meine Jahre mit dem ‚wegsicheren‘ Egger“. Wilfried Kirschl im Gespräch. &#xD;
Der Ausstellungskatalog zum dritten und letzten Teil der „Spurensuche“ - zusammengestellt von Martin Kofler - spannt den Bogen von der langsamen Einbürgerung des Begriffes „Osttirol“ für das östliche Pustertal ab 1850 über die Sonderentwicklungen des Bezirks Lienz nach der Abtretung Südtirols an Italien 1919/20 und als Teil des NS-„Gaues Kärnten“ 1938-1945 bis in die Gegenwart. Beiträge zu Politik, Geschichte, Archäologie, Ethnologie, Literaturwissenschaft, Kino und (Auto)Biographie untersuchen den „Faktor Randlage", der mit dem Wegfall der Zollgrenzen im Pustertal durch das EU-Abkommen von Schengen ab 1998, der Ausbreitung des Internets sowie der erheblich gestiegenen Mobilität der Bevölkerung zunehmend an Bedeutung verloren hat.</marc:subfield>
   </marc:datafield>
   <marc:datafield ind1=" " ind2=" " tag="020">
      <marc:subfield code="a">9783706544900</marc:subfield>
      <marc:subfield code="9">9783706544900</marc:subfield>
   </marc:datafield>
   <marc:datafield ind1=" " ind2=" " tag="020">
      <marc:subfield code="a">3706544903</marc:subfield>
      <marc:subfield code="9">3706544903</marc:subfield>
   </marc:datafield>
   <marc:datafield ind1=" " ind2=" " tag="041">
      <marc:subfield code="a">ger</marc:subfield>
   </marc:datafield>
   <marc:datafield ind1=" " ind2=" " tag="300">
      <marc:subfield code="b">Illustrationen</marc:subfield>
   </marc:datafield>
   <marc:datafield ind1="0" ind2=" " tag="490">
      <marc:subfield code="v">Teil 3</marc:subfield>
   </marc:datafield>
   <marc:datafield ind1=" " ind2=" " tag="338">
      <marc:subfield code="a">Band</marc:subfield>
   </marc:datafield>
   <marc:datafield ind1=" " ind2=" " tag="300">
      <marc:subfield code="a">82 Seiten</marc:subfield>
   </marc:datafield>
</marc:record>
